| 000 | 00592nam a2200181 i 4500 | ||
|---|---|---|---|
| 001 | 31080 | ||
| 003 | ES-MaACL | ||
| 007 | t| | ||
| 008 | 030128s1879 fr ||||1| fre d | ||
| 100 | 1 |
_aBaudat, Emile. _926510 |
|
| 245 | 1 | 0 |
_aEtude sur Denys d'Halicarnasse et le traité de la disposition des mots / _cpar Emile Baudat. |
| 260 |
_aParís : _bF. Vieweg, _c1879 ( _eVienne : _fAdolphe Holahausen) |
||
| 300 |
_a78 p. ; _c22 cm. |
||
| 490 | 1 | _aPhilologique. Recueil de travaux | |
| 830 | 0 |
_aPhilologique. Recueil de travaux _9229359 |
|
| 852 |
_aES-MaACL _jC-6767 |
||
| 999 |
_c31080 _d31080 |
||